|
|
|
|
| LEADER |
00000nab a2200000 a 4500 |
| 001 |
vtls009325754 |
| 003 |
SK-MaSNL |
| 005 |
20260304164118.0 |
| 008 |
250507|2004 xo |||||||||||||| b|slo |
| 015 |
|
|
|a SNBRA2008/08
|2 snkbucl
|
| 035 |
|
|
|a (uuid)e54e32d1-ea75-45f9-8cab-5b1c2659fb60
|
| 035 |
|
|
|a urn:nbn:sk:snk-aba48t
|
| 035 |
|
|
|a (urnnbn)urn:nbn:sk:snk:ar-a09fkk
|
| 038 |
|
|
|a SNKBUCL
|
| 040 |
|
|
|a SNKBUCL
|b slo
|c SNKBUCL
|e AACR2
|
| 041 |
0 |
|
|a slo
|
| 044 |
|
|
|a xo
|c SK
|
| 080 |
|
|
|a 549.35
|x (437.6)
|2 2001
|
| 245 |
0 |
0 |
|a Gelnicait - nová sulfosoľ(?) z lokality Zenderling pri Gelnici
|c Milan Háber ... [et al.]
|
| 650 |
0 |
7 |
|a gelnicait
|2 snkbucl
|9 1492320
|
| 650 |
0 |
7 |
|a sulfosoli
|2 snkbucl
|9 1182955
|
| 650 |
0 |
7 |
|a sulfosoli Pb-Hg-Sb-S
|2 snkbucl
|9 1492321
|
| 651 |
|
7 |
|a Gelnica (Slovensko)
|2 snkbucl
|9 16801
|
| 651 |
|
7 |
|a Zenderling (Gelnica, Slovensko : ložisko)
|2 snkbucl
|9 1288999
|
| 700 |
1 |
|
|a Háber, Milan,
|d 1937-
|4 aut
|9 116515
|
| 700 |
1 |
|
|a Babčan, Ján,
|d 1928-2016
|4 aut
|9 17701
|
| 700 |
1 |
|
|a Burke, E. A. J.
|4 aut
|9 1492322
|
| 700 |
1 |
|
|a Simonov, M. A.
|4 aut
|9 1492323
|
| 700 |
1 |
|
|a Ozdín, Daniel
|4 aut
|9 12300
|
| 773 |
0 |
|
|t Natura Carpatica. Zborník Východoslovenského múzea. Prírodné vedy. Roč. 45
|d Košice : Východoslovenské múzeum, 2004
|g S. 229-230
|z 808909306X
|
| 850 |
|
|
|a Slovenská národná knižnica
|
| 852 |
|
|
|a Slovenská národná knižnica
|
| 954 |
|
|
|a odborná, vedecká literatúra pôvodná (slovenská)
|2 lita
|
| 958 |
|
|
|a article13
|
| 958 |
|
|
|a OND
|
| 958 |
|
|
|a EUIPO
|
| 999 |
|
|
|c 2979710
|d 2981640
|